000
00255nam a22000977a 4500
999
_c
11254
_d
11254
008
181204b ||||| |||| 00| 0 eng d
020
_a
9788175993143
100
_a
Abbot Jacob
_9
7002
245
_a
Alexander The Great
260
_a
New delhi
_b
Prakash Books
_c
2017